002580000a220007300045001000018000002450076000183000061000947730029001551 aBraun, Willys10aGoing global : How LAM and this Magazine made waves across the Atlantic aVol. 73, Num 3 (Julio-Septiembre, 1993), Páginas 10-110 tLatin America Evangelist